000 00264nam a22001097a 4500
008 170112b xxu||||| |||| 00| 0 eng d
020 _a0803695258
041 _aeng
080 _a618.2
245 _aFAMILY THEORY DEVELOPMENT IN NURSING
_cWHALL, A.L
942 _2udc
_cBK
999 _c2836
_d2836